[Event "Gausdal Int"]
[Site "Gausdal"]
[Date "1991.??.??"]
[Round "3"]
[White "Kotronias, Vasilios"]
[Black "Kraidman, Yair"]
[Result "1-0"]
[WhiteElo "2550"]
[BlackElo "2420"]

1.e4 e5 2.Nf3 Nc6 3.Bb5 a6 4.Ba4 Nf6 5.O-O Be7 6.Re1 b5 7.Bb3 d6 8.c3 O-O
9.h3 Bb7 10.d4 Re8 11.Nbd2 Bf8 12.Ng5 Re7 13.d5 Nb8 14.Nf1 c6 15.dxc6 Bxc6
16.Ng3 g6 17.f4 exf4 18.Bxf4 h6 19.Nxf7 Rxf7 20.e5 d5 21.exf6 Qxf6 22.Be5 Qf2+
23.Kh2 Nd7 24.Bd4 Qxg3+ 25.Kxg3 Bd6+ 26.Kh4 Rf6 27.Bc2 Raf8 28.Bxf6 Rxf6
29.Qd4 Kg7 30.Re6 g5+ 31.Kg4 Bc5 32.Qxc5 Nxc5 33.Rxf6 Kxf6 34.Rf1+ Kg7 35.Kf5 d4
36.g4 d3 37.Bd1 Bg2 38.Rf2 Bxh3 39.b4 Nd7 40.Rf3 Bxg4+ 41.Kxg4 Ne5+ 42.Kf5 Nxf3
43.Bxf3 d2 44.Bh5 g4 45.Bxg4 Kf7 46.Ke4 Kf6 47.Ke3  1-0

[Event "Peer Gynt"]
[Site "Gausdal"]
[Date "1991.??.??"]
[Round "5"]
[White "Hermansson, Emil"]
[Black "Kraidman, Yair"]
[Result "0-1"]
[WhiteElo "2310"]
[BlackElo "2420"]

1.e4 e5 2.Nf3 Nc6 3.Bb5 a6 4.Ba4 Nf6 5.O-O Be7 6.Re1 b5 7.Bb3 d6 8.c3 O-O
9.h3 Bb7 10.d4 Re8 11.Ng5 Rf8 12.Nf3 h6 13.Nbd2 Re8 14.Nf1 Bf8 15.Ng3 g6
16.a4 Na5 17.Bc2 exd4 18.cxd4 c5 19.b3 Bg7 20.Rb1 Nc6 21.axb5 axb5 22.Bd3 cxd4
23.Bxb5 Qb6 24.Bxc6 Bxc6 25.Qxd4 Qxd4 26.Nxd4 Bxe4 27.Nxe4 Rxe4 28.Rxe4 Nxe4
29.Be3 Nc3 30.Re1 Rb8 31.Nc6 Rxb3 32.Bf4 d5 33.Re8+ Kh7 34.Re7 Rb6 35.Nd8 Bf6
36.Rxf7+ Kg8 37.Rxf6 Rxf6 38.Be5 Rf8 39.Nc6 Nd1 40.Bd4 Ra8 41.Kf1 Ra4 42.Ke2 Rc4
43.Kxd1 Rxc6 44.Kd2 Kf7 45.Be3 h5 46.Kd3 Ke6 47.Bd4 Rc1 48.Be3 Rg1 49.g3 Rh1
50.h4 Ra1 51.Bd4 Ra3+ 52.Ke2 Kd6 53.Bg7 Rb3 54.Bd4 Kc6 55.Be3  0-1

[Event "Arnold Cup"]
[Site "Gausdal"]
[Date "1991.??.??"]
[Round "5"]
[White "Ernst, Thomas"]
[Black "Nielsen, Peter Heine"]
[Result "1-0"]
[WhiteElo "2500"]
[BlackElo "2365"]

1.e4 e5 2.Nf3 Nc6 3.Bb5 a6 4.Ba4 Nf6 5.O-O Be7 6.Re1 b5 7.Bb3 d6 8.c3 O-O
9.h3 Bb7 10.d4 Re8 11.Nbd2 Bf8 12.a4 h6 13.Bc2 exd4 14.cxd4 Nb4 15.Bb1 c5
16.d5 Nd7 17.Ra3 f5 18.Rae3 Nf6 19.R3e2 c4 20.e5 dxe5 21.Bxf5 Nd3 22.Bxd3 cxd3
23.Rxe5 Rxe5 24.Rxe5 Bxd5 25.Re3 Bc5 26.Rxd3 Qb6 27.Qf1 bxa4 28.Rc3 Bb4 29.Rc2 Re8
30.Nc4 Qb8 31.Ne3 Bxf3 32.gxf3 Qb5 33.Rc7 Kh8 34.Qc4 Bf8 35.Qf7 Rb8 36.Ng4 Qh5
37.Nxf6 Qxf7 38.Rxf7 gxf6 39.Rxf6 Kg8 40.Bxh6 Bxh6 41.Rxh6 Rxb2 42.Rxa6 Rb4
43.Kg2 Kf7 44.Kg3 Kg7 45.h4 Kh7 46.f4 Rb3+ 47.Kg4 a3 48.f5 Rb2 49.Kg5 Rxf2
50.Ra7+ Kg8 51.Rxa3 Rg2+ 52.Kf6 Rh2 53.Ra8+ Kh7 54.Ke6 Re2+ 55.Kf7 Rb2 56.f6 Rb7+
57.Kf8 Kg6 58.Ra6 Rb8+ 59.Ke7 Rb7+ 60.Ke6 Rb8 61.f7 Kg7 62.h5 Kf8 63.Rc6 Ra8
64.Rd6 Kg7 65.h6+ Kxh6 66.Kf6  1-0

[Event "Arnold Cup"]
[Site "Gausdal"]
[Date "1991.??.??"]
[Round "6"]
[White "Ioseliani, Nana"]
[Black "Nielsen, Peter Heine"]
[Result "1/2-1/2"]
[WhiteElo "2470"]
[BlackElo "2365"]

1.e4 e5 2.Nf3 Nc6 3.Bb5 a6 4.Ba4 Nf6 5.O-O Be7 6.Re1 b5 7.Bb3 d6 8.c3 O-O
9.h3 Bb7 10.d4 Re8 11.Nbd2 Bf8 12.a4 h6 13.Bc2 exd4 14.Nxd4 d5 15.Nxc6 Bxc6
16.e5 Ne4 17.Nxe4 dxe4 18.Qg4 Rxe5 19.Bxh6 bxa4 20.Bf4 Re6 21.Bxa4 Bxa4 22.Rxa4 Qd5
23.Rd4 Qb3 24.Re2 Rae8 25.Rd7 Qb5 26.Red2 Bd6 27.Bxd6 Qxd7 28.Be5 f5 29.Rxd7 fxg4
30.Bxc7 R6e7 31.Rxe7 Rxe7 32.Bf4 gxh3 33.gxh3 Kf7 34.Kf1 Ke6 35.Ke2 Kd5 36.Kd2 Rf7
37.Be3 Rf3 38.h4 Rh3 39.Bd4 g6 40.Be3 Rxh4 41.b3 Rh5 42.c4+ Ke5 43.b4 Kf5
44.b5 axb5 45.cxb5 Ke6 46.b6 Rb5 47.Kc2 Kd5 48.Kc3 Kc6 49.Kd4 Rxb6 50.Kxe4 Rb1
51.Ke5 Rf1  1/2-1/2

[Event "Peer Gynt"]
[Site "Gausdal"]
[Date "1991.??.??"]
[Round "7"]
[White "Kotronias, Vasilios"]
[Black "Barkhagen, Jonas"]
[Result "1-0"]
[WhiteElo "2550"]
[BlackElo "2360"]

1.e4 e5 2.Nf3 Nc6 3.Bb5 a6 4.Ba4 Nf6 5.O-O Be7 6.Re1 b5 7.Bb3 d6 8.c3 O-O
9.h3 Bb7 10.d4 Nd7 11.Nbd2 Bf6 12.Nf1 Re8 13.N1h2 Na5 14.Bc2 c5 15.dxc5 dxc5
16.Ng4 Qc7 17.b3 b4 18.cxb4 cxb4 19.Bb2 Nc6 20.Rc1 Rad8 21.Qe2 Qb6 22.Bd3 Nd4
23.Nxf6+ Nxf6 24.Qe3 Nxf3+ 25.Qxf3 Qa5 26.Bb1 Nd7 27.Qe3 Rc8 28.Qd2 Nc5 29.Rc4 f6
30.Qxb4 Qxb4 31.Rxb4 Bc6 32.Rc4 Bb5 33.Rc3 Ne6 34.a4 Bd7 35.Rd1 Rxc3 36.Bxc3 Rc8
37.Rxd7 Rxc3 38.Bd3 Nc5 39.Bc4+ Kf8 40.Rf7+  1-0

[Event "Gausdal Int"]
[Site "Gausdal"]
[Date "1991.??.??"]
[Round "7"]
[White "Kotronias, Vasilios"]
[Black "Svidler, Peter"]
[Result "1/2-1/2"]
[WhiteElo "2550"]
[BlackElo "2460"]

1.e4 e5 2.Nf3 Nc6 3.Bb5 a6 4.Ba4 Nf6 5.O-O Be7 6.Re1 b5 7.Bb3 d6 8.c3 O-O
9.h3 Bb7 10.d4 Re8 11.Ng5 Rf8 12.Nf3 Re8 13.a4 h6 14.Nbd2 Bf8 15.d5 Na5 16.Ba2 c6
17.b4 Nc4 18.Nxc4 bxc4 19.Bxc4 cxd5 20.exd5 Rc8 21.Nd2 Re7 22.Qf3 e4 23.Qe3 Nxd5
24.Bxd5 Bxd5 25.Qd4 Bb7 26.c4 Rec7 27.a5 Be7 28.Rb1 Bf6 29.Qe3 Bg5 30.Qb6  1/2-1/2

[Event "Arnold Cup"]
[Site "Gausdal"]
[Date "1991.??.??"]
[Round "8"]
[White "Wedberg, Tom"]
[Black "Nielsen, Peter Heine"]
[Result "1/2-1/2"]
[WhiteElo "2465"]
[BlackElo "2365"]

1.e4 e5 2.Nf3 Nc6 3.Bb5 a6 4.Ba4 Nf6 5.O-O Be7 6.Re1 b5 7.Bb3 O-O 8.c3 d6
9.h3 Bb7 10.d4 Re8 11.Ng5 Rf8 12.Nf3 Re8 13.Nbd2 Bf8 14.a4 h6 15.Bc2 exd4
16.cxd4 Nb4 17.Bb1 c5 18.d5 Nd7 19.Ra3 f5 20.Rae3 Nf6 21.Nh2 Kh8 22.b3 bxa4
23.bxa4 c4 24.Bb2 fxe4 25.Nxe4 Nfxd5 26.Rg3 Re6 27.Nf3 Nd3 28.Neg5 Rxe1+
29.Nxe1 hxg5 30.Qh5+ Kg8 31.Nxd3 Qe8 32.Qxg5 Qe7 33.Qh5 Rc8 34.Kh2 c3 35.Ba2 Qf7
36.Qxf7+ Kxf7 37.Bxc3 Rxc3 38.Nf4 Rc2 39.Bxd5+ Bxd5 40.Nxd5 Rxf2 41.Rb3 Ra2
42.Rf3+  1/2-1/2

[Event "Peer Gynt"]
[Site "Gausdal"]
[Date "1991.??.??"]
[Round "9"]
[White "Kengis, Edvins"]
[Black "Svidler, Peter"]
[Result "1-0"]
[WhiteElo "2575"]
[BlackElo "2460"]

1.e4 e5 2.Nf3 Nc6 3.Bb5 a6 4.Ba4 Nf6 5.O-O Be7 6.Re1 b5 7.Bb3 d6 8.c3 O-O
9.h3 Bb7 10.d4 Qd7 11.Bg5 h6 12.Bh4 Rae8 13.Nbd2 Bd8 14.d5 Na5 15.Bc2 c6
16.b4 Nc4 17.Nxc4 bxc4 18.Bxf6 Bxf6 19.Ba4 Qc7 20.Bxc6 Bxc6 21.dxc6 Qxc6
22.Qe2 d5 23.Rad1 dxe4 24.Qxe4 Qa4 25.Rd2 a5 26.bxa5 Qxa5 27.Qxc4 Rb8 28.Rd5 Qa8
29.Nxe5 Rfc8 30.Qe4 Qxa2 31.Nxf7 Re8 32.Ne5 Rb2 33.f4 Qa7+ 34.Kh1 Qf2 35.Rdd1 Qc2
36.Qxc2 Rxc2 37.Rc1 Rd2 38.c4 Rd4 39.g3 Ra8 40.c5 Bxe5 41.Rxe5 Kf7 42.c6 Rc8
43.c7 Rd7 44.Rec5 Ke6 45.R1c2 Rd5 46.Kg2 Kd6 47.Rc6+ Ke7 48.R2c3  1-0

[Event "Hamburg HSK"]
[Site "Hamburg"]
[Date "1991.??.??"]
[Round "6"]
[White "Joecks, Christian"]
[Black "Hegeler, Frank"]
[Result "1-0"]
[WhiteElo "2355"]
[BlackElo "2245"]

1.e4 e5 2.Nf3 Nc6 3.Bb5 a6 4.Ba4 Nf6 5.O-O Be7 6.Re1 b5 7.Bb3 d6 8.c3 O-O
9.h3 Bb7 10.d4 Re8 11.Nbd2 Bf8 12.a3 h6 13.Bc2 Nb8 14.b4 Nbd7 15.Bb2 c5 16.bxc5 dxc5
17.Nxe5 Nxe5 18.dxe5 Rxe5 19.c4 Re8 20.e5 Nd7 21.f4 Qh4 22.Nf3 Qg3 23.Qd3 g6
24.Re3 Nb6 25.e6 Rxe6 26.Qc3  1-0

[Event "Katowice op"]
[Site "Katowice"]
[Date "1991.??.??"]
[Round "1"]
[White "Kveinys, Aloyzas"]
[Black "Erneste, Inguna"]
[Result "1-0"]
[WhiteElo "2435"]
[BlackElo "2285"]

1.e4 e5 2.Nf3 Nc6 3.Bb5 a6 4.Ba4 Nf6 5.O-O Be7 6.Re1 b5 7.Bb3 d6 8.c3 O-O
9.h3 Bb7 10.d4 Re8 11.Nbd2 Bf8 12.a3 h6 13.Ba2 g6 14.b4 Nh5 15.d5 Ne7 16.Nb3 Bg7
17.Na5 Bc8 18.c4 Rf8 19.c5 f5 20.Nc6 Nxc6 21.dxc6+ Kh8 22.cxd6 fxe4 23.Ng5 hxg5
24.d7 Qf6 25.Be3 Nf4 26.Bc5 Rd8 27.Qg4 Qxc6 28.dxc8=Q Rdxc8 29.h4 gxh4 30.Qxh4+ Nh5
31.g4 Qf6 32.Qh3 Qg5 33.Be3  1-0

[Event "Krasnodar"]
[Site "Krasnodar"]
[Date "1991.??.??"]
[Round "?"]
[White "Shabanov, Yuri"]
[Black "Doroshkievich, Vladimir K"]
[Result "1/2-1/2"]
[WhiteElo "2410"]
[BlackElo "2350"]

1.e4 e5 2.Nf3 Nc6 3.Bb5 a6 4.Ba4 Nf6 5.O-O Be7 6.Re1 b5 7.Bb3 d6 8.c3 O-O
9.h3 Bb7 10.d4 Re8 11.Ng5 Rf8 12.Nf3 Re8 13.Nbd2 Bf8 14.Bc2 Nb8 15.b3 c6
16.Nf1 Nbd7 17.Ng3 g6 18.Bg5 Bg7 19.Qd2 Qe7 20.a4 Qf8 21.Bd3 Kh8 22.Nh2 Ng8
23.Be3 Ndf6  1/2-1/2

[Event "Kuopio op"]
[Site "Kuopio"]
[Date "1991.??.??"]
[Round "4"]
[White "Rytshagov, Mikhail"]
[Black "Hermlin, Aarne"]
[Result "1-0"]
[WhiteElo "2385"]
[BlackElo "2360"]

1.e4 e5 2.Nf3 Nc6 3.Bb5 a6 4.Ba4 Nf6 5.O-O Be7 6.Re1 b5 7.Bb3 d6 8.c3 O-O
9.h3 Bb7 10.d4 Re8 11.Ng5 Rf8 12.Nf3 Re8 13.Nbd2 Bf8 14.a4 h6 15.Bc2 exd4
16.cxd4 Nb4 17.Bb1 c5 18.d5 Nd7 19.Ra3 f5 20.Rae3 f4 21.Rc3 Ne5 22.Nb3 bxa4
23.Nxe5 Rxe5 24.Nd2 Qf6 25.Nc4 Re7 26.Rf3 g5 27.Bd2 Rae8 28.Bc3 Qg6 29.e5 Qh5
30.g4 fxg3 31.Rxf8+ Rxf8 32.Qxh5 gxf2+ 33.Kf1 Bxd5 34.Re4 Bf7 35.Qxh6  1-0

[Event "ESP-chT"]
[Site "Linares"]
[Date "1991.??.??"]
[Round "6"]
[White "Sion Castro, Marcelino"]
[Black "Gomez Esteban, Juan Mario"]
[Result "0-1"]
[WhiteElo "2405"]
[BlackElo "2400"]

1.e4 e5 2.Nf3 Nc6 3.Bb5 a6 4.Ba4 Nf6 5.O-O Be7 6.Re1 b5 7.Bb3 d6 8.c3 O-O
9.h3 Bb7 10.d4 Re8 11.Nbd2 Bf8 12.Bc2 Nb8 13.b3 c6 14.a4 Nbd7 15.Bd3 g6 16.Ba3 Nh5
17.Qc2 Nf4 18.Bf1 Qf6 19.Bb2 Ne6 20.Rab1 Rec8 21.b4 Bg7 22.Nb3 Nb6 23.Na5 Qe7
24.dxe5 dxe5 25.c4 Nxa4 26.Bxe5 Bxe5 27.Nxe5 Nd4 28.Qc1 Qxe5 29.Nxb7 Rab8
30.Na5 c5 31.Qd2 Rd8 32.Qc1 cxb4 33.cxb5 Nc3 34.Nc4 Qxb5 35.Rb2 Qc5 36.Qa1 Ra8
37.e5 a5 38.Nd6 Rxd6 39.exd6 Qxd6 40.Bc4 Qc5  0-1

[Event "ESP-ch"]
[Site "Lleida"]
[Date "1991.??.??"]
[Round "6"]
[White "De la Villa Garcia, Jesus Maria"]
[Black "Gomez Esteban, Juan Mario"]
[Result "1/2-1/2"]
[WhiteElo "2470"]
[BlackElo "2395"]

1.e4 e5 2.Nf3 Nc6 3.Bb5 a6 4.Ba4 Nf6 5.O-O Be7 6.Re1 b5 7.Bb3 d6 8.c3 O-O
9.h3 Bb7 10.d4 Re8 11.Nbd2 Bf8 12.Bc2 Nb8 13.a4 Nbd7 14.Bd3 c6 15.b3 g6 16.Ba3 Qb6
17.Qc2 c5 18.d5 Nh5 19.Bc1 Bh6 20.Nh2 Rab8 21.Ng4 Bg7 22.Ne3 Ndf6 23.g3 Bc8
24.Kh2 Bd7 25.Be2 Rf8 26.Ra2 Kh8 27.Kg2 Qc7 28.Rh1 Qb7 29.Bf3 Qc8 30.Qd1 Kg8
31.Qe2 Kh8 32.Bg4 Bh6 33.Bf3 Bg7 34.Ra1 Qc7 35.Qd1 Rfe8 36.Qc2 Qc8 37.Ndf1 Rf8
38.Qe2 Re8 39.Nc2 h6 40.Nfe3 Kh7 41.Bd2 Rf8 42.Ra2 Re8 43.h4 Qb7 44.Kh2 Rec8
45.axb5 axb5 46.Ng2 Ra8 47.Rb2 Re8 48.Qd1 Qc8 49.Nce3 Ra6 50.Qc2 Qb7 51.Be2 Qa7
52.f3 Ng8 53.g4 Nhf6 54.Nf1 Ra8 55.Ng3 Ne8 56.h5 g5 57.Rhb1 Ne7 58.Qc1 Kg8
59.Ne3 Bf8 60.Nc2 Nf6 61.Bxg5 hxg5 62.Qxg5+ Bg7 63.h6 Ng6 64.hxg7 c4 65.Qe3 cxb3
66.Qxa7 R6xa7 67.Rxb3 Nf4 68.Ne3 Ra2 69.R1b2 Nh7 70.Ng2 Nxe2 71.Nxe2 Kxg7
72.Ne3 Ng5 73.Kg2 R8a3 74.Nc2 Ra8 75.Ng3 Kf6 76.Nb4 Rxb2+ 77.Rxb2 Ra3 78.Ne2 Ke7
79.Ra2 Ra4 80.Kf2 Kd8 81.Ke3 Kc7 82.Nc1 Kb6 83.Rh2 Ra1 84.Nba2 Kc7 85.Rh5 f6
86.Rh6 b4 87.cxb4 Bb5 88.Rh2 Kd7 89.Rc2 Ba4 90.Rb2 Bb5 91.Rc2 Rb1 92.f4 exf4+
93.Kxf4 Ba4 94.Rh2 Bb5 95.Ke3 Nf7 96.Kd4 Ne5 97.Rg2 Bc4 98.Kc3 Kc7 99.g5 fxg5
100.Rxg5 Bxa2 101.Nxa2 Re1 102.Rg3 Rxe4 103.Kb3 Rh4 104.Nc3 Kb6 105.Re3 Rd4
106.Rh3 Nd3 107.Na4+ Kb5 108.Nc3+  1/2-1/2

[Event "USA-op Los Angeles"]
[Site "Los Angeles"]
[Date "1991.??.??"]
[Round "?"]
[White "Kelson, Richard"]
[Black "Polovodin, Igor A"]
[Result "0-1"]
[WhiteElo "2320"]
[BlackElo "2455"]

1.e4 e5 2.Nf3 Nc6 3.Bb5 a6 4.Ba4 Nf6 5.O-O Be7 6.Re1 b5 7.Bb3 O-O 8.c3 d6
9.h3 Bb7 10.d3 Na5 11.Bc2 c5 12.Nbd2 Re8 13.Nf1 h6 14.Ng3 Bf8 15.Bd2 Nc6
16.Nf5 d5 17.Qc1 dxe4 18.dxe4 Nh7 19.Re3 Qc7 20.N3h4 Kh8 21.Rg3 Re6 22.Be3 c4
23.b4 Ne7 24.Bc5 Nxf5 25.Nxf5 Bxc5 26.bxc5 Rg6 27.Qe3 Rxg3 28.Qxg3 Ng5 29.h4 Ne6
30.Rd1 Rg8 31.Nd6 f6 32.Qg6 Rf8 33.Nf5 Nxc5 34.Rd6 Bc8 35.Rc6 Bxf5 36.Rxc7 Bxg6
37.Rxc5 Rd8 38.h5 Bf7 39.Rc7 Kg8 40.a4 Rd2 41.axb5 axb5 42.Rc8+ Kh7 43.Rc7 Bxh5  0-1

[Event "Wch U20"]
[Site "Mamaia"]
[Date "1991.??.??"]
[Round "?"]
[White "Istratescu, Andrei"]
[Black "Livshits, Ron"]
[Result "1/2-1/2"]
[WhiteElo "2420"]
[BlackElo "2225"]

1.e4 e5 2.Nf3 Nc6 3.Bb5 a6 4.Ba4 Nf6 5.O-O Be7 6.Re1 b5 7.Bb3 d6 8.c3 O-O
9.h3 Bb7 10.d4 Re8 11.Nbd2 Bf8 12.a4 g6 13.d5 Nb8 14.Qe2 c6 15.dxc6 Bxc6
16.axb5 Bxb5 17.Bc4 Bc6 18.Nb3 h6 19.Qc2 a5 20.Bd3 d5 21.Nbd2 Nbd7 22.exd5 Bxd5
23.Ne4 Qc7 24.Be3 Qb7 25.Nfd2 Reb8 26.Rab1 Ba2 27.Ra1 Bd5 28.Rab1 Ba2 29.Ra1 Bd5  1/2-1/2

[Event "Wch U20"]
[Site "Mamaia"]
[Date "1991.??.??"]
[Round "?"]
[White "Sherzer, Alex"]
[Black "Nielsen, Peter Heine"]
[Result "0-1"]
[WhiteElo "2460"]
[BlackElo "2445"]

1.e4 e5 2.Nf3 Nc6 3.Bb5 a6 4.Ba4 Nf6 5.O-O Be7 6.Re1 b5 7.Bb3 d6 8.c3 O-O
9.h3 Bb7 10.d4 Re8 11.Nbd2 Bf8 12.d5 Na5 13.Bc2 c6 14.b4 Nc4 15.Nxc4 bxc4
16.dxc6 Bxc6 17.Bg5 Be7 18.Bxf6 Bxf6 19.Ba4 Qd7 20.Bxc6 Qxc6 21.a4 Rad8 22.Qe2 d5
23.exd5 Rxd5 24.Qe4 Rc8 25.Ra2 Qd6 26.Rae2 g6 27.Qg4 Rc7 28.Re4 Bg7 29.Qg3 f5
30.Rxe5 Bxe5 31.Nxe5 f4 32.Qxf4 Re7 33.Qxc4 Rxe5 34.Rxe5 Qxe5 35.Qxa6  0-1

[Event "WchT U26"]
[Site "Maringa"]
[Date "1991.??.??"]
[Round "1"]
[White "Egger, Jorge"]
[Black "Ibragimov, Ildar"]
[Result "0-1"]
[WhiteElo "2280"]
[BlackElo "2485"]

1.e4 e5 2.Nf3 Nc6 3.Bb5 a6 4.Ba4 Nf6 5.O-O Be7 6.Re1 b5 7.Bb3 d6 8.c3 O-O
9.h3 Bb7 10.d4 Re8 11.Ng5 Rf8 12.Nf3 Na5 13.Bc2 Nc4 14.b3 Nb6 15.Nbd2 Nfd7
16.Nf1 c5 17.Ng3 g6 18.Bh6 Re8 19.d5 a5 20.Qd2 c4 21.Ng5 Bf8 22.Bxf8 Rxf8
23.f4 exf4 24.Qxf4 Qf6 25.Qh4 Qg7 26.e5 dxe5 27.d6 h6 28.Nf3 f5 29.Qe7 Rf7
30.Qe6 Bd5  0-1

[Event "Mexico City"]
[Site "Mexico"]
[Date "1991.??.??"]
[Round "7"]
[White "Rodriguez, Amador"]
[Black "Sisniega, Marcel"]
[Result "1/2-1/2"]
[WhiteElo "2530"]
[BlackElo "2530"]

1.e4 e5 2.Nf3 Nc6 3.Bb5 a6 4.Ba4 Nf6 5.O-O Be7 6.Re1 b5 7.Bb3 O-O 8.c3 d6
9.h3 Bb7 10.d4 Re8 11.Nbd2 Bf8 12.Bc2 g6 13.d5 Nb8 14.b3 c6 15.c4 a5 16.Nf1 Na6
17.cxb5 cxb5 18.Bd3 b4 19.Bb5 Re7 20.Bg5 Bg7 21.N3d2 Nc5 22.Ng3 Ba6 23.Bxa6 Rxa6
24.Qf3 Rc7 25.a3 Rb7 26.a4 h6 27.Be3 Nfd7 28.Rab1 h5 29.Nc4 Bf6 30.Nf1 Bg5
31.Nfd2 Kg7 32.Rf1 Qe7 33.Qg3 Bxe3 34.Qxe3 Ra8 35.g3  1/2-1/2

[Event "Mexico City"]
[Site "Mexico"]
[Date "1991.??.??"]
[Round "9"]
[White "Hernandez, Gilberto"]
[Black "Sisniega, Marcel"]
[Result "1/2-1/2"]
[WhiteElo "2525"]
[BlackElo "2530"]

1.e4 e5 2.Nf3 Nc6 3.Bb5 a6 4.Bc4 Nf6 5.O-O Be7 6.Re1 b5 7.Bb3 d6 8.c3 O-O
9.h3 Bb7 10.d4 Re8 11.Nbd2 Bf8 12.a4 h6 13.Bc2 exd4 14.cxd4 Nb4 15.Bb1 c5
16.d5 Nd7 17.Ra3 f5 18.Rae3 Nf6 19.Nh2 Qd7 20.b3 fxe4 21.Nxe4 Nbxd5 22.Nxf6+ Nxf6
23.Ng4 Nxg4 24.hxg4 Rxe3 25.Rxe3  1/2-1/2

[Event "Miedzybrodzie op"]
[Site "Miedzybrodzie"]
[Date "1991.??.??"]
[Round "6"]
[White "Pedzich, Dominik"]
[Black "Grabarczyk, Miroslaw"]
[Result "1-0"]
[WhiteElo "2400"]
[BlackElo "2275"]

1.e4 e5 2.Nf3 Nc6 3.Bb5 a6 4.Ba4 Nf6 5.O-O Be7 6.Re1 b5 7.Bb3 d6 8.c3 O-O
9.h3 Bb7 10.d4 Re8 11.Ng5 Rf8 12.Nf3 Re8 13.Nbd2 Bf8 14.a4 h6 15.Bc2 exd4
16.cxd4 Nb4 17.Bb1 c5 18.Ra3 cxd4 19.Nxd4 d5 20.e5 Ne4 21.Nxe4 dxe4 22.Bxe4 Bxe4
23.Rxe4 Nc6 24.Rg3 Qd5 25.Reg4 Nxe5 26.Rxg7+ Bxg7 27.Rxg7+ Kh8 28.Qd2 Nf3+
29.gxf3 Kxg7 30.Qxh6+ Kg8 31.Bg5 Qxd4 32.Bf6 Qxf6 33.Qxf6 Re6 34.Qd4 bxa4
35.f4 Rae8 36.f5 Re4 37.Qf6 R8e5 38.Kg2 Rb5 39.Kf3 Rc4 40.h4 Rb3+ 41.Kg2 Rg4+
42.Kf1 Rf3 43.h5 Rgf4 44.Qg5+ Kf8 45.h6 Rxf2+ 46.Ke1 Rf1+ 47.Ke2 R1f2+ 48.Kd3  1-0

[Event "Miedzybrodzie op"]
[Site "Miedzybrodzie"]
[Date "1991.??.??"]
[Round "8"]
[White "Kalinin, Alexander"]
[Black "Solozhenkin, Evgeniy"]
[Result "0-1"]
[WhiteElo "2360"]
[BlackElo "2415"]

1.e4 e5 2.Nf3 Nc6 3.Bb5 a6 4.Ba4 Nf6 5.O-O Be7 6.Re1 b5 7.Bb3 d6 8.c3 O-O
9.h3 Bb7 10.d4 Re8 11.Ng5 Rf8 12.Nf3 Qd7 13.Nbd2 Rae8 14.Nf1 exd4 15.cxd4 d5
16.Ne5 Qd8 17.Nxc6 Bxc6 18.e5 Ne4 19.f3 Ng5 20.f4 Ne4 21.f5 Bh4 22.Re2 Bb7
23.Bf4 Kh8 24.Rc1 c6 25.Nd2 Ng3 26.Bxg3 Bxg3 27.Nf3 f6 28.e6 Re7 29.Ne1 Bb8
30.Rc3 Qd6 31.Nf3 a5 32.a3 Qf4 33.Bc2 Ba7 34.b4 axb4 35.axb4 Ra8 36.Qd2 Qd6
37.Rb3 Bb8 38.Rb2 Bc8 39.Qc3 Kg8 40.Re1 Ra6 41.Bb3 g6 42.Bc2 gxf5 43.Bxf5 Qf4
44.Qd3 Bd6 45.Kh1 Qg3 46.Bg4 Ra4 47.Qc3 h5 48.Bf5 Bb7 49.Bc2 Ra8 50.Bf5 Qf4
51.Bg6 h4 52.Bf7+ Kg7 53.Kg1 Qg3 54.Qd3 Ra4 55.Qc3 Bc8 56.Qxc6 Bb7 57.Qxb5 Ra3
58.Rf1 Ba6 59.Qc6 Rxf3  0-1

[Event "Moscow7 op"]
[Site "Moscow"]
[Date "1991.??.??"]
[Round "?"]
[White "Savon, Vladimir A"]
[Black "Zaitsev, Igor A"]
[Result "0-1"]
[WhiteElo "2460"]
[BlackElo "2405"]

1.e4 e5 2.Nf3 Nc6 3.Bb5 a6 4.Ba4 Nf6 5.O-O Be7 6.Re1 b5 7.Bb3 O-O 8.c3 d6
9.h3 Bb7 10.d4 Re8 11.a4 Qd7 12.Bg5 h6 13.Bh4 g5 14.Bg3 Bf8 15.Nbd2 Bg7 16.d5 Na5
17.Bc2 c6 18.axb5 axb5 19.b4 Nc4 20.Nxc4 bxc4 21.dxc6 Bxc6 22.Qe2 Qe6 23.Qe3 Nd7
24.Red1 Nf6 25.Rxa8 Bxa8 26.Ra1 d5 27.Bxe5 dxe4 28.Bxf6 Qxf6 29.Nd4 Qb6 30.Ra5 Rd8
31.Rc5 Bxd4 32.cxd4 Qxb4 33.h4 f6 34.hxg5 hxg5 35.Qh3 Qe1+ 36.Kh2 Qxf2 37.Rf5 Qh4
38.Rxf6 Rxd4 39.Ra6 Bd5 40.Rd6 e3 41.Rd8+ Kg7 42.Rd7+ Kf6  0-1

[Event "Oslo Cup"]
[Site "Oslo"]
[Date "1991.??.??"]
[Round "2"]
[White "Hellers, Ferdinand"]
[Black "Tisdall, Jonathan D"]
[Result "0-1"]
[WhiteElo "2550"]
[BlackElo "2435"]

1.e4 e5 2.Nf3 Nc6 3.Bb5 a6 4.Ba4 Nf6 5.O-O Be7 6.Re1 b5 7.Bb3 d6 8.c3 O-O
9.h3 Bb7 10.d4 Nd7 11.Nbd2 Bf6 12.Nf1 Re8 13.N1h2 Na5 14.Bc2 exd4 15.cxd4 c5
16.Ng4 cxd4 17.Nxd4 Bxd4 18.Qxd4 Rc8 19.Re2 Nc5 20.b4 Ne6 21.Qd3 Nc4 22.e5 Nf8
23.Qg3 Ng6 24.e6 Rxe6 25.Rxe6 fxe6 26.Bxg6 hxg6 27.Nh6+ Kh7 28.Nf7 Qf6 29.Ng5+ Kg8
30.Rb1 d5 31.Rb3 d4 32.Qh4 Nd6 33.Bf4 e5 34.Bg3 Nf5 35.Qh7+ Kf8 36.h4 e4
37.Bf4 Rc2 38.Qh8+ Ke7 39.Qb8 Qc6 40.Rb1 Qd5 41.f3 e3 42.Ne4 d3 43.Re1 d2
44.Nxd2 Qxd2  0-1

[Event "Pamplona op"]
[Site "Pamplona"]
[Date "1991.??.??"]
[Round "?"]
[White "Rodriguez, Amador"]
[Black "Urday, Henry"]
[Result "1/2-1/2"]
[WhiteElo "2530"]
[BlackElo "2480"]

1.e4 e5 2.Nf3 Nc6 3.Bb5 a6 4.Ba4 Nf6 5.O-O Be7 6.Re1 b5 7.Bb3 d6 8.c3 O-O
9.h3 Bb7 10.d4 Re8 11.Nbd2 Bf8 12.a3 h6 13.Bc2 Nb8 14.b4 Nbd7 15.Bb2 g6 16.Rb1 c6
17.a4 a5 18.axb5 cxb5 19.bxa5 Qxa5 20.Ba1 Ba6 21.Bd3 Rab8 22.Rb3 Rb7 23.Qb1 Reb8
24.Rc1 Ne8 25.Rc2 Qd8 26.Rcb2 Ra8 27.Qf1 Rba7 28.Rb1 Nc7 29.Ne1 d5 30.Nc2 dxe4
31.Bxe4 Rb8 32.Nb4 Bxb4 33.cxb4 Qg5 34.Nf3 Qf4 35.Re3 Bb7 36.Bxb7 Rbxb7 37.dxe5 Ne6
38.Rd3 Ra2 39.Rbd1 Qc4 40.Bc3 Nf4 41.Rxd7 Rxd7 42.Rxd7 Qxc3 43.Qxb5 Qc1+
44.Kh2 Ne6 45.Rxf7 Kxf7 46.Qd7+ Kf8 47.Qd6+ Kg7 48.Qe7+ Kh8 49.Qe8+ Kh7  1/2-1/2

[Event "Rubinstein mem"]
[Site "Polanica Zdroj"]
[Date "1991.??.??"]
[Round "8"]
[White "Mainka, Romuald"]
[Black "Smejkal, Jan"]
[Result "0-1"]
[WhiteElo "2445"]
[BlackElo "2555"]

1.e4 e5 2.Nf3 Nc6 3.Bb5 a6 4.Ba4 Nf6 5.O-O Be7 6.Re1 b5 7.Bb3 d6 8.c3 O-O
9.h3 Bb7 10.d4 Re8 11.Nbd2 Bf8 12.a3 h6 13.Bc2 Nb8 14.b4 Nbd7 15.Bb2 g6 16.Qb1 Rb8
17.Nb3 Ba8 18.Na5 c5 19.d5 c4 20.a4 Bg7 21.axb5 axb5 22.Bc1 Nb6 23.Be3 Nbxd5
24.exd5 Nxd5 25.Qc1 Nxe3 26.fxe3 Bxf3 27.gxf3 e4 28.f4 Bxc3 29.Re2 Qb6 30.Rb1 d5
31.Rg2 Kh7 32.Kh1 f5 33.Bd1 Bf6 34.Be2 Rbd8 35.Qd2 Re7 36.Rbg1 Rg7 37.Qc1 d4
38.exd4 Bxd4 39.Rf1 Be3 40.Qb1 Rd2 41.Qe1 Rc2 42.Bxc4 Rc1  0-1

[Event "Subotica Interzonal (Women)"]
[Site "Subotica"]
[Date "1991.??.??"]
[Round "6"]
[White "Arakhamia, Ketevan"]
[Black "Voiska, Margarita"]
[Result "1-0"]
[WhiteElo "2440"]
[BlackElo "2335"]

1.e4 e5 2.Nf3 Nc6 3.Bb5 a6 4.Ba4 Nf6 5.O-O Be7 6.Re1 b5 7.Bb3 d6 8.c3 O-O
9.h3 Bb7 10.d4 Re8 11.Nbd2 Bf8 12.a4 h6 13.Bc2 Nb8 14.b3 Nbd7 15.Bb2 c6 16.axb5 axb5
17.c4 Ba6 18.Ra2 bxc4 19.bxc4 exd4 20.Bxd4 Ne5 21.Qa1 Nxf3+ 22.Nxf3 Bxc4
23.Rxa8 Qxa8 24.Bxf6 gxf6 25.Qxf6 Be6 26.e5 Qa2 27.Bb1 Qc4 28.exd6 Bg7 29.Qf5 Rd8
30.Qh7+ Kf8 31.Rd1 Bd5 32.Qf5 Qb4 33.Ne5 Rxd6 34.Rxd5 Qe1+ 35.Kh2 Rxd5 36.Qxf7+  1-0

[Event "Tbilisi"]
[Site "Tbilisi"]
[Date "1991.??.??"]
[Round "?"]
[White "Arakhamia, Ketevan"]
[Black "Kachiani Gersinska, Ketino"]
[Result "1-0"]
[WhiteElo "2440"]
[BlackElo "2345"]

1.e4 e5 2.Nf3 Nc6 3.Bb5 a6 4.Ba4 Nf6 5.O-O Be7 6.Re1 b5 7.Bb3 d6 8.c3 O-O
9.h3 Bb7 10.d4 Re8 11.Nbd2 Bf8 12.a4 h6 13.Bc2 exd4 14.cxd4 Nb4 15.Bb1 g6
16.Ra3 Bg7 17.Nh2 c5 18.d5 Nd7 19.Ndf1 bxa4 20.Ng4 Kh7 21.Rxa4 Qe7 22.Nfe3 Nb6
23.Ra3 a5 24.Qf3 Bc8 25.Kh2 Bd7 26.Nf5 Bxf5 27.exf5 Qxe1 28.fxg6+ fxg6 29.Qf7 Qxc1
30.Qxg6+ Kg8 31.Qh7+ Kf8 32.Rf3+ Ke7 33.Qxg7+ Kd8 34.Qb7 N4xd5 35.Bg6 Rg8
36.Bf7 Rg7 37.Qc6 Qg5 38.Ne3 Nc7 39.Qxb6 Kd7 40.Bb3 a4 41.Bc2 Ra6 42.Qb7 d5
43.Rg3  1-0

[Event "Tel Aviv-B"]
[Site "Tel Aviv"]
[Date "1991.??.??"]
[Round "1"]
[White "Damjanovic, Mato"]
[Black "Liss, Eran"]
[Result "0-1"]
[WhiteElo "2325"]
[BlackElo "2325"]

1.e4 e5 2.Nf3 Nc6 3.Bb5 a6 4.Ba4 Nf6 5.O-O Be7 6.Re1 b5 7.Bb3 d6 8.c3 O-O
9.h3 Bb7 10.d4 Re8 11.Ng5 Rf8 12.Nf3 Re8 13.Nbd2 Bf8 14.Bc2 g6 15.d5 Nb8
16.b3 c6 17.c4 Bg7 18.Rb1 Nbd7 19.Nf1 cxd5 20.cxd5 Nh5 21.Be3 Rc8 22.Qd2 Nc5
23.Rbc1 Qd7 24.Bb1 Rc7 25.Ng3 Nf6 26.Bh6 Bh8 27.Qa5 Rec8 28.Rc3 Qd8 29.Rec1 Ne8
30.Kh2 Bf6 31.Be3 Nxb3 32.Rxb3 Rxc1 33.Qxd8 Bxd8 34.Bxc1 Rxc1 35.a4 Nc7 36.Bd3 Rc5
37.Ne2 Bc8 38.axb5 Nxb5 39.Nd2 Bd7 40.Nc4 a5 41.Nb2 Na7 42.Nc3 Rc7 43.Nba4 Bg5
44.Rb8+ Kg7 45.Nb5 Bxb5 46.Bxb5 Rc2 47.Be8 Rxf2 48.Rb3 Nc8 49.Rf3 Bf4+ 50.Kh1 Rxf3
51.gxf3 Be3 52.Bd7 Ne7 53.Nb2 Bc5 54.Nc4 Bb4 55.Kg2 Kf6 56.Kg3 Ng8 57.f4 exf4+
58.Kxf4 h5 59.Ba4 Ne7 60.h4 Ng8 61.e5+ dxe5+ 62.Ke4 Ke7 63.Kxe5 Bd6+ 64.Kd4 Nh6
65.Ne3 Bg3 66.Ke4 Bxh4 67.Nc4 Nf5 68.Nxa5 Nd6+ 69.Kd3 Bg3  0-1